000 00640nam a2200229 a 4500
005 20140310183245.0
008 040827s19uu xx 00 eng d
020 _a0071144196
050 _aRC 86.7
_b.At85 1997
100 _aKnoop, Kevin J.
245 _aAtlas of emergency medicine. /
_cKevin J. Knoop
250 _aInternational ed.
260 _aNew York :
_bMcGraw Hill,
_c1997.
300 _a511 p. :
_bill. col. ;
_c26 cm.
500 _aIncludes index.
521 _aNUR
650 _aEmergency magazine
_xAtlases.
700 _aStack, Lawrence B.
700 _aStorrow, Alan B.
942 _cBK
_2lcc
_kFOR
999 _c20676
_d20676